Comparative economic systems models and cases
Uloženo v:
| Hlavní autor: | |
|---|---|
| Médium: | Kniha |
| Jazyk: | Undetermined |
| Vydáno: |
Illinois
Richard D. Irwin, Inc.
1969
|
| Témata: | |
| Tagy: |
Přidat tag
Žádné tagy, Buďte první, kdo otaguje tento záznam!
|
| Thư viện lưu trữ: | Trung tâm Học liệu Trường Đại học Cần Thơ |
|---|
| LEADER | 00536nam a2200193Ia 4500 | ||
|---|---|---|---|
| 001 | CTU_80460 | ||
| 008 | 210402s9999 xx 000 0 und d | ||
| 082 | |a 330.1 | ||
| 082 | |b B736 | ||
| 100 | |a Borntein, Morris | ||
| 245 | 0 | |a Comparative economic systems models and cases | |
| 245 | 0 | |c Morris Borntein | |
| 260 | |a Illinois | ||
| 260 | |b Richard D. Irwin, Inc. | ||
| 260 | |c 1969 | ||
| 650 | |a Comparative economics | ||
| 650 | |x Case studies | ||
| 904 | |i Trọng Hải | ||
| 980 | |a Trung tâm Học liệu Trường Đại học Cần Thơ | ||